| 000 | 00862nam a2200265 a 4500 | ||
|---|---|---|---|
| 001 | BRCA_4533 | ||
| 005 | 20190320204715.0 | ||
| 008 | 220910s1945----nyua######---#000-0#eng-# | ||
| 041 | _aeng | ||
| 044 | _anyu | ||
| 050 | 4 |
_aN40 _b.A78 1945 |
|
| 245 | 1 | 0 |
_aArtist on Art _bfrom the XIV to the XX century _ccompiled and edited by Robert Goldwater and Marco Treves. |
| 260 |
_aNueva York _bPantheon _c1945 |
||
| 300 |
_axv, 498 p. _bil. _c23 cm. |
||
| 500 | _aIncluye índice de ilustraciones, lista de reconocimientos e índice onomástico | ||
| 500 | _aContiene 100 ilustraciones | ||
| 500 | _aD5 | ||
| 504 | _aBibliografía: p. 480-487 | ||
| 650 | 1 | 4 |
_aArtistas _xHistoria _zSiglo XIV-XX _911485 |
| 650 | 1 | 4 |
_aArte _xHistoria _ySiglo XIV-XX _911486 |
| 700 | 1 |
_aGoldwater, Robert _911487 |
|
| 700 | 1 |
_aTreves, Marco _911488 |
|
| 902 | _aGFM | ||
| 942 |
_2lcc _cB |
||
| 999 |
_c4239 _d4239 |
||